000 00584nam a22002057a 4500
999 _c3914
_d3914
003 OSt
005 20220221122059.0
008 220221b ||||| |||| 00| 0 eng d
020 _a 0412219603
040 _cALUPE UNIVERSITY COLLEGE
050 _aQR360
_b.S5 .R7 1980
100 _aSmith Manley Kenneth
245 _aIntroduction to virology
260 _aLondon
_bChapman and Hall ; New York : J. Wiley.
_c1980.
300 _avii, 212p
_b Illustrationen ;
_c24 cm.
500 _a Includes indexes
650 _2Virology
700 _aRitchie A. Donald
942 _2lcc
_cBK
_nPW